000 00423nam a22001457a 4500
008 231205b |||||||| |||| 00| 0 eng d
020 _a9788183323895
082 _a657 TUL
100 _aTulsian's, P C
245 _aAccountancy:
_bAccounting for Not-for-Profit Organizations, Partnership Firms and Companies.
250 _a10th ed.
260 _aDelhi :
_bRatna Sagar,
_c2002.
300 _a4.12 p:
_c23 Cm.
942 _2ddc
999 _c9757
_d9758